[Event "Druzynowe Mistrzostw Polski Juniorow - II Liga"]
[Site "Wroclaw"]
[Date "1899-12-30"]
[Round "6.50"]
[White "Herka, Jakub"]
[Black "Kraczek, Cezary"]
[Result "1/2-1/2"]
[WhiteTitle "I"]
[BlackTitle "I"]
[WhiteElo "1433"]
[BlackElo "1657"]

1. d4 Nf6 2. Bg5 c5 3. d5 d6 4. Nc3 a6 5. a4 Nbd7 6. Nf3 g6 7. e4 Bg7 8. Be2 O-O
9. O-O Re8 10. Nd2 h6 11. Be3 Ne5 12. h3 g5 13. f4 gxf4 14. Bxf4 Ng6 15. Bh2 Rb8
16. a5 b5 17. axb6 Qxb6 18. Nc4 Qc7 19. Qd2 Rb4 20. Bd3 Nd7 21. Ra2 Nde5 22. Nxe5
Nxe5 23. Bxe5 dxe5 24. b3 Qb6 25. Kh1 Qg6 26. Qf2 Rb6 27. Qxc5 Rf6 28. Raa1 Qg3
29. Rf3 Rf5 30. Rxf5 Bf6 31. Ne2 Qg5 32. Qf2 Kh8 33. Rf1 Rg8 34. Qf3 Qh4 35. Kh2
Bg5 36. Kh1 Bf6 37. Kh2 Bg5 38. Kh1 Bf6 1/2-1/2

[Event "Druzynowe Mistrzostw Polski Juniorow - II Liga"]
[Site "Wroclaw"]
[Date "1899-12-30"]
[Round "6.51"]
[White "Rosc, Ignacy"]
[Black "Khimichenko, Dmytro"]
[Result "1-0"]
[WhiteTitle "II+"]
[BlackTitle "II+"]
[WhiteElo "1527"]
[BlackElo "1412"]

1. d4 d5 2. Bf4 Nf6 3. Nf3 c5 4. e3 Nc6 5. c3 Qb6 6. Qb3 c4 7. Qc2 Bf5 8. Qc1 Nh5
9. Bg3 g6 10. Nbd2 Nxg3 11. hxg3 Bg7 12. Be2 Qc7 13. O-O O-O 14. Re1 Rfe8 15.
Bd1 e5 16. dxe5 Nxe5 17. Nxe5 Bxe5 18. Bc2 Bxc2 19. Qxc2 f5 20. Rad1 Rad8 21.
Nf3 Bf6 22. Rd2 Rd7 23. Red1 Red8 24. Ne1 b5 25. Qc1 Kf7 26. Nc2 Qb7 27. a3 Rd6
28. Re1 a5 29. Qd1 h5 30. Qf3 Qe7 31. Red1 Qe6 32. Ra1 Rb8 33. Rad1 Rbd8 34. Re2
Qe4 35. Nd4 Bxd4 36. Rxd4 Qxf3 37. gxf3 Kf6 38. Red2 Ke7 39. Kg2 R8d7 40. Kh3
Rd8 41. Kh4 Kf6 42. f4 R8d7 43. f3 Ke7 44. Kg5 Rd8 45. g4 hxg4 46. fxg4 fxg4 47.
Kxg4 Ke6 48. Kg5 Rg8 49. e4 Rd7 50. Rxd5 Rb7 51. Rd6+ Ke7 52. Rxg6 Rxg6+ 53. Kxg6
Rb6+ 54. Kg5 Rb8 55. e5 Rg8+ 56. Kf5 Rf8+ 57. Ke4 b4 58. axb4 axb4 59. cxb4 Rb8
60. Kd4 Rxb4 61. Kc3 Rb3+ 62. Kxc4 Rf3 63. Rd4 Rf1 64. Kd5 Rb1 65. b4 Rf1 66.
b5 Rb1 67. Kc6 Rc1+ 68. Kb7 Ke6 69. b6 Rg1 70. Ka7 Ra1+ 71. Kb8 Rh1 72. b7 Rh8+
73. Ka7 Rh7 74. Ka8 Rh8+ 75. b8=Q 1-0

[Event "Druzynowe Mistrzostw Polski Juniorow - II Liga"]
[Site "Wroclaw"]
[Date "1899-12-30"]
[Round "6.52"]
[White "Pekala, Dawid"]
[Black "Bauer, Maja"]
[Result "1-0"]
[WhiteTitle "II"]
[BlackTitle "I"]
[WhiteElo "1458"]
[BlackElo "1372"]

1. e4 c5 2. Nf3 d6 3. d4 cxd4 4. Nxd4 Nf6 5. Nc3 g6 6. f3 Bg7 7. Be3 O-O 8. Qd2
Nc6 9. g4 h5 10. gxh5 Nxh5 11. O-O-O a5 12. Be2 a4 13. a3 Qa5 14. Kb1 Nxd4 15.
Bxd4 Bxd4 16. Qxd4 Be6 17. Qe3 Qe5 18. Nd5 Bxd5 19. Rxd5 Qf4 20. Qf2 Nf6 21. Rdd1
b5 22. Qd4 Rfb8 23. c3 Nd7 24. h4 Nf6 25. h5 gxh5 26. Rdg1+ Kh7 27. Bd3 e5 28.
Qxd6 Rg8 29. Qe7 Qxf3 30. Qxf7+ Kh6 31. Ka2 Raf8 32. Rg6+ Rxg6 33. Qxf8+ Kh7 34.
Qf7+ Rg7 35. Rf1 Qxd3 36. Qxf6 Qc4+ 37. Ka1 Qxe4 38. Qb6 Qc4 39. Rh1 h4 40. Qf6
Qd5 41. Qxh4+ Kg8 42. Qh8+ Kf7 43. Rf1+ Kg6 44. Rg1+ Kf5 45. Qxg7 Qb3 46. Qg6+
Kf4 47. Rg4+ Ke3 48. Qe4+ Kf2 49. Rg2+ Kf1 50. Qe2# 1-0

[Event "Druzynowe Mistrzostw Polski Juniorow - II Liga"]
[Site "Wroclaw"]
[Date "1899-12-30"]
[Round "6.53"]
[White "Fic, Joanna"]
[Black "Pudelko, Magdalena"]
[Result "0-1"]
[WhiteTitle "II+"]
[BlackTitle "I++"]
[WhiteElo "1057"]
[BlackElo "1461"]

1. e4 c5 2. Nf3 d6 3. d4 cxd4 4. Nxd4 Nf6 5. Nc3 a6 6. f3 e6 7. Be3 h5 8. h4 b5
9. a3 Be7 10. Be2 d5 11. exd5 Nxd5 12. Bf2 Nxc3 13. bxc3 Qa5 14. Qd3 Bf6 15. O-O
Bb7 16. Rfd1 Bd5 17. Be1 Qd8 18. g3 Nd7 19. f4 Qb6 20. Bf2 Nc5 21. Qe3 Ne4 22.
Bf3 Qb7 23. Bxe4 Bxe4 24. Qd2 Rc8 25. Rdc1 O-O 26. Rab1 e5 27. Nb3 exf4 28. Nc5
Qc6 29. Nxe4 Qxe4 30. gxf4 Rxc3 31. Rb4 Qg6+ 32. Kf1 Rh3 33. Rb3 Rh1+ 34. Ke2
Re8+ 35. Re3 Qg4+ 36. Kd3 Rd8+ 37. Ke4 Rxd2 38. Rxh1 Rd4# 0-1

[Event "Druzynowe Mistrzostw Polski Juniorow - II Liga"]
[Site "Wroclaw"]
[Date "1899-12-30"]
[Round "6.54"]
[White "Walerjan, Ada"]
[Black "Kucia, Kinga"]
[Result "1/2-1/2"]
[WhiteTitle "I"]
[BlackTitle "I"]
[WhiteElo "1275"]
[BlackElo "1208"]

1. e4 c5 2. Nf3 Nc6 3. d4 cxd4 4. Nxd4 g6 5. Nc3 Bg7 6. Be3 Nf6 7. Bc4 O-O 8. Bb3
d6 9. f3 Bd7 10. Qd2 Nxd4 11. Bxd4 b5 12. Nd5 Nxd5 13. Bxd5 Rc8 14. Bxg7 Kxg7
15. c3 Qb6 16. Qf2 Qc7 17. O-O a5 18. Qd2 e6 19. Bb3 a4 20. Bc2 Bc6 21. Rad1 d5
22. a3 Rfd8 23. Qe3 dxe4 24. Bxe4 Qe5 25. Rxd8 Rxd8 26. Re1 Bxe4 27. Qxe4 Qxe4
28. Rxe4 Rd1+ 29. Kf2 Rd2+ 30. Re2 Rxe2+ 31. Kxe2 Kf6 32. Kd3 Ke5 33. c4 Kd6 34.
cxb5 Kc5 35. b6 Kxb6 36. Kc4 1/2-1/2

[Event "Druzynowe Mistrzostw Polski Juniorow - II Liga"]
[Site "Wroclaw"]
[Date "1899-12-30"]
[Round "6.55"]
[White "Cichon, Bartlomiej"]
[Black "Guzik, Michal"]
[Result "1-0"]
[WhiteTitle "I"]
[BlackTitle "II+"]
[WhiteElo "1938"]
[BlackElo "1413"]

1. e4 e5 2. Nf3 Nf6 3. Nxe5 d6 4. Nf3 Nxe4 5. Nc3 Nxc3 6. dxc3 Be7 7. Be3 Bg4 8.
h3 Bh5 9. Qd5 Bxf3 10. Qxf3 c6 11. O-O-O O-O 12. h4 b5 13. Kb1 Qc7 14. g4 Nd7
15. Bg5 Ne5 16. Qg3 f5 17. gxf5 Rxf5 18. f4 Nc4 19. Bh3 Rff8 20. h5 d5 21. Bxe7
Qxe7 22. h6 Nd6 23. Rhe1 Ne4 24. Rxe4 dxe4 25. Be6+ Kh8 26. Rd7 Qxd7 27. Bxd7
gxh6 28. Qe3 Kg7 29. Qd4+ Rf6 30. Bxc6 Raf8 31. Bxe4 1-0

[Event "Druzynowe Mistrzostw Polski Juniorow - II Liga"]
[Site "Wroclaw"]
[Date "1899-12-30"]
[Round "6.56"]
[White "Mastej, Krzysztof"]
[Black "Bajer, Tomasz"]
[Result "0-1"]
[WhiteTitle "II"]
[BlackTitle "II+"]
[WhiteElo "1355"]
[BlackElo "1369"]

1. e4 c5 2. Nc3 g6 3. f4 Bg7 4. Nf3 Nc6 5. Bb5 Nd4 6. O-O Nxb5 7. Nxb5 d5 8. e5
d4 9. c3 a6 10. Na3 Nh6 11. d3 dxc3 12. bxc3 O-O 13. Be3 Qc7 14. h3 Rd8 15. d4
b5 16. Qe2 c4 17. Nc2 Bb7 18. Rfd1 Nf5 19. Bf2 e6 20. Rab1 Qa5 21. Nb4 Bf8 22.
Ng5 Bxb4 23. Rxb4 Ne7 24. Be1 Nd5 25. Rbb1 Nxc3 26. Qc2 Qxa2 27. Rb2 Qxb2 28.
Qxb2 Nxd1 29. Qb4 h6 30. Nxf7 Kxf7 31. Qd2 c3 32. Qxd1 b4 33. Qb3 a5 34. Bxc3
Bd5 35. Qb2 bxc3 36. Qxc3 Rdc8 37. Qa3 a4 38. Qd6 Ke8 39. Qa3 Rc4 40. Qd3 Kf7
41. h4 h5 42. f5 gxf5 43. Qd2 Rg8 44. Qh6 Rxg2+ 45. Kf1 Kg8 46. Qe3 Rb4 47. Qc1
Rc4 48. Qb1 Be4 49. Qb8+ Kh7 50. Qa7+ Kh6 0-1

[Event "Druzynowe Mistrzostw Polski Juniorow - II Liga"]
[Site "Wroclaw"]
[Date "1899-12-30"]
[Round "6.57"]
[White "Pawlowski, Kamil"]
[Black "Oberc, Szymon"]
[Result "1-0"]
[WhiteTitle "II"]
[BlackTitle "II"]
[WhiteElo "1257"]
[BlackElo "1107"]

1. e4 c5 2. b3 Nc6 3. Bb2 d6 4. Bb5 Nf6 5. Bxc6+ bxc6 6. Nc3 g6 7. f4 Bg7 8. Qe2
O-O 9. Nf3 Re8 10. O-O-O Bd7 11. h3 a5 12. a4 Qb6 13. g4 Rab8 14. f5 Qb4 15. d3
Rbd8 16. Rdg1 Kh8 17. h4 e6 18. Qg2 exf5 19. gxf5 Rg8 20. Ng5 Rdf8 21. Qf3 d5
22. h5 d4 23. Ne2 Bh6 24. hxg6 Bxg5+ 25. Rxg5 fxg6 26. fxg6 Qb6 27. Qxf6+ Rg7
28. Rh3 Kg8 29. Rxh7 1-0

[Event "Druzynowe Mistrzostw Polski Juniorow - II Liga"]
[Site "Wroclaw"]
[Date "1899-12-30"]
[Round "6.59"]
[White "Gornisiewicz, Natalia"]
[Black "Niedorys, Karolina"]
[Result "0-1"]
[WhiteTitle "I++"]
[BlackTitle "I+"]
[WhiteElo "1425"]
[BlackElo "1495"]

1. Nf3 d5 2. g3 Nf6 3. c4 d4 4. e3 c5 5. exd4 cxd4 6. d3 Nc6 7. Bg2 e5 8. O-O Bd6
9. Nbd2 Bf5 10. Nb3 Nb4 11. Ne1 Rb8 12. a3 Nc6 13. Nc2 O-O 14. Rb1 Re8 15. Re1
a5 16. Bg5 a4 17. Nc1 h6 18. Bxf6 Qxf6 19. b4 Qg6 20. b5 Na5 21. Nb4 Nxc4 22.
Qxa4 Bxb4 23. Qxb4 Nd6 24. Rb3 Qf6 25. Rd1 Rec8 26. Ne2 Rc2 27. Rd2 Rbc8 28. Rb2
Rc1+ 29. Nxc1 Rxc1+ 30. Bf1 Bh3 31. Rb1 Rxf1+ 32. Rxf1 Qf3 0-1

[Event "Druzynowe Mistrzostw Polski Juniorow - II Liga"]
[Site "Wroclaw"]
[Date "1899-12-30"]
[Round "6.61"]
[White "Rog, Bartlomiej"]
[Black "Dahche, Abdel-azziz"]
[Result "1-0"]
[WhiteTitle "k"]
[BlackTitle "I"]
[WhiteElo "2091"]
[BlackElo "1569"]

1. Nf3 d5 2. b3 c5 3. Bb2 Nc6 4. e3 Bg4 5. Bb5 e6 6. h3 Bxf3 7. Qxf3 Nf6 8. c4
Rc8 9. Bxf6 Qxf6 10. Qxf6 gxf6 11. cxd5 exd5 12. Nc3 Rd8 13. Rc1 Rg8 14. O-O a6
15. Bxc6+ bxc6 16. Na4 Kd7 17. Nxc5+ Bxc5 18. Rxc5 Rg6 19. Rfc1 f5 20. Ra5 Ra8
21. Ra4 Kc7 22. Rf4 Rg5 23. Rh4 Rh8 24. Rh6 Rg6 25. Rh5 Rf6 26. g3 Kb6 27. Kg2
Kb5 28. Kf3 h6 29. Kf4 Re8 30. d3 a5 31. Rxf5 Rxf5+ 32. Kxf5 Re6 33. e4 dxe4 34.
dxe4 Rd6 35. Rc2 c5 36. e5 Rc6 37. Rc4 Rc7 38. Kf6 Rd7 39. f4 Rd2 40. Kxf7 Rxa2
41. e6 Rb2 42. e7 1-0

[Event "Druzynowe Mistrzostw Polski Juniorow - II Liga"]
[Site "Wroclaw"]
[Date "1899-12-30"]
[Round "6.62"]
[White "Kebel, Bartosz"]
[Black "Majdanski, Maksymilian"]
[Result "0-1"]
[WhiteTitle "II+"]
[BlackTitle "I++"]
[WhiteElo "1607"]
[BlackElo "1886"]

1. d4 d5 2. c4 e6 3. Nc3 c6 4. Nf3 f5 5. e3 Nd7 6. a3 Bd6 7. b4 Ngf6 8. Bb2 O-O
9. Be2 Ne4 10. c5 Bc7 11. b5 Qf6 12. Qc2 Qh6 13. Qa4 e5 14. Nxe4 fxe4 15. Nxe5
Nxe5 16. dxe5 Bd7 17. Qb3 Qg5 18. Bf1 Qf5 19. Qc2 Ba5+ 20. Bc3 Qxf2+ 21. Kd1 Bg4+
22. Kc1 Qxe3+ 23. Bd2 Bxd2+ 24. Qxd2 Qxc5+ 25. Qc2 Qd4 26. Qb2 Qd1# 0-1

[Event "Druzynowe Mistrzostw Polski Juniorow - II Liga"]
[Site "Wroclaw"]
[Date "1899-12-30"]
[Round "6.63"]
[White "Lewek, Jakub"]
[Black "Uhryn, Mateusz"]
[Result "0-1"]
[WhiteTitle "II"]
[BlackTitle "I"]
[WhiteElo "1277"]
[BlackElo "1482"]

1. e4 c5 2. Nf3 Nc6 3. d4 cxd4 4. Nxd4 Nf6 5. Nc3 d6 6. Bc4 e5 7. Nf3 h6 8. h3
Be7 9. O-O O-O 10. Re1 Be6 11. Bb3 a5 12. Nd5 a4 13. Bc4 Rb8 14. Bb5 Ra8 15. c4
Nd7 16. Bxa4 f5 17. exf5 Bxf5 18. b4 Nb6 19. Bb3 Kh8 20. Nxb6 Qxb6 21. b5 Na5
22. Be3 Qc7 23. Rc1 Nxb3 24. Qxb3 b6 25. Red1 Qb7 26. Rd2 Bxh3 27. Ne1 Bg4 28.
Nd3 Rf6 29. Nb4 Rg6 30. Kh2 Bf3 31. gxf3 Qxf3 32. Rg1 Qh5# 0-1

[Event "Druzynowe Mistrzostw Polski Juniorow - II Liga"]
[Site "Wroclaw"]
[Date "1899-12-30"]
[Round "6.64"]
[White "Nagly, Krzysztof"]
[Black "Ziobrowski, Wojciech"]
[Result "1-0"]
[WhiteTitle "II"]
[BlackTitle "II"]
[WhiteElo "1265"]
[BlackElo "1145"]

1. e4 c5 2. Nf3 d6 3. c3 Nf6 4. h3 Nxe4 5. Qa4+ Bd7 6. Qxe4 Bc6 7. Qg4 Nd7 8. d4
cxd4 9. Nxd4 Nf6 10. Nxc6 bxc6 11. Qf3 d5 12. c4 e5 13. Bg5 Bb4+ 14. Nd2 e4 15.
Qd1 h6 16. Bxf6 Qxf6 17. Qc2 O-O 18. a3 Bd6 19. Be2 e3 20. Nf3 exf2+ 21. Kxf2
Bc5+ 22. Kf1 d4 23. Rd1 Rad8 24. b4 Bb6 25. c5 Bc7 26. Qe4 Rfe8 27. Qh4 d3 28.
Bxd3 Rxd3 29. Rxd3 Qa1+ 30. Ne1 g5 31. Qf2 Be5 32. Qe2 Kf8 33. Re3 f6 34. h4 Qd4
35. hxg5 Qf4+ 36. Nf3 Rd8 37. gxh6 Qf5 38. h7 Qb1+ 39. Qe1 Rd1 40. h8=Q+ Kf7 41.
Rh7+ Ke6 42. Rxe5+ 1-0

[Event "Druzynowe Mistrzostw Polski Juniorow - II Liga"]
[Site "Wroclaw"]
[Date "1899-12-30"]
[Round "6.65"]
[White "Pietryk, Joanna"]
[Black "Klintsevich, Aliaksandra"]
[Result "1/2-1/2"]
[WhiteTitle "I"]
[BlackTitle "I"]
[WhiteElo "1417"]
[BlackElo "1428"]

1. e4 c5 2. Nf3 Nc6 3. d4 cxd4 4. Nxd4 g6 5. c4 Bg7 6. Be3 Nf6 7. Nc3 Ng4 8. Qxg4
Nxd4 9. Qd1 Ne6 10. Qd2 Qa5 11. Rc1 b6 12. Qd5 Qxd5 13. cxd5 Nc5 14. f3 O-O 15.
b4 Na6 16. a3 Bb7 17. Bb5 Rac8 18. Kd2 Rc7 19. Bf4 d6 20. Ba4 Nb8 21. Nb5 Rxc1
22. Rxc1 a6 23. Na7 b5 24. Bb3 Rd8 25. Nc6 Bxc6 26. dxc6 Rc8 27. c7 Nd7 28. Bd5
Bb2 29. Rc2 Bxa3 30. Bb7 Bxb4+ 31. Kc1 Nb6 32. Bxc8 Nxc8 33. Rc6 Kf8 34. Rxa6
Ke8 35. Bd2 Bc5 36. Ba5 Kd7 37. Ra8 h5 38. Rb8 b4 39. Kc2 f5 40. exf5 gxf5 41.
Kb3 e5 42. Bxb4 Kxc7 43. Ra8 Bg1 44. h3 Bf2 45. Ra2 Bg3 46. Rd2 h4 47. Kc4 Kc6
48. Ba5 d5+ 49. Rxd5 Nd6+ 50. Rxd6+ Kxd6 51. Kd3 Kd5 52. Ke3 Kc4 53. Bd8 Kd5 54.
Ba5 1/2-1/2

[Event "Druzynowe Mistrzostw Polski Juniorow - II Liga"]
[Site "Wroclaw"]
[Date "1899-12-30"]
[Round "6.66"]
[White "Popczynska, Maja"]
[Black "Mataczyna, Aleksandra"]
[Result "1-0"]
[WhiteTitle "I+"]
[BlackTitle "II+"]
[WhiteElo "1346"]
[BlackElo "1117"]

1. e4 e5 2. Nf3 Nc6 3. Bc4 Bc5 4. c3 Nf6 5. d3 d6 6. Nbd2 a6 7. Bb3 O-O 8. Nf1
Ba7 9. Be3 Bxe3 10. Nxe3 Ne7 11. O-O Ng6 12. Bc2 Nf4 13. d4 Qe7 14. Re1 exd4 15.
Nxd4 Nxe4 16. Qf3 Nh3+ 17. gxh3 Ng5 18. Qh5 Nxh3+ 19. Kf1 g6 20. Qh6 Qf6 21. Nef5
Ng5 22. Ne7+ 1-0

[Event "Druzynowe Mistrzostw Polski Juniorow - II Liga"]
[Site "Wroclaw"]
[Date "1899-12-30"]
[Round "6.67"]
[White "Kaczmarek, Jan"]
[Black "Pitera, Michal"]
[Result "0-1"]
[WhiteTitle "II+"]
[BlackTitle "I"]
[WhiteElo "1596"]
[BlackElo "1794"]

1. e4 c5 2. Nf3 g6 3. c3 d5 4. exd5 Qxd5 5. d4 Bg7 6. Na3 cxd4 7. Nb5 Na6 8. Nbxd4
Nc7 9. Qb3 Qxb3 10. axb3 Bd7 11. Bf4 O-O-O 12. Rxa7 e5 13. Bg3 exd4 14. Ba6 Bc6
0-1

[Event "Druzynowe Mistrzostw Polski Juniorow - II Liga"]
[Site "Wroclaw"]
[Date "1899-12-30"]
[Round "6.68"]
[White "Pulit, Kacper"]
[Black "Gluszynski, Michal"]
[Result "0-1"]
[WhiteTitle "II"]
[BlackTitle "II"]
[WhiteElo "1330"]
[BlackElo "1513"]

1. e4 c5 2. Nf3 e6 3. d4 cxd4 4. Nxd4 a6 5. Nc3 Qc7 6. Be2 Nf6 7. a3 d6 8. O-O
Be7 9. Be3 Nbd7 10. Nb3 b5 11. f4 Bb7 12. Bf3 O-O 13. Qe2 Rac8 14. Rad1 Nb6 15.
Bxb6 Qxb6+ 16. Kh1 Rfd8 17. e5 dxe5 18. fxe5 Nd7 19. Bxb7 Qxb7 20. Rde1 Nb6 21.
Ne4 Rd5 22. Qf3 Bf8 23. Qg4 Kh8 24. Ng5 Rd7 25. Qh5 h6 26. Rxf7 Rxf7 27. Qxf7
Qxf7 28. Nxf7+ Kg8 29. Nd6 Rxc2 30. Nd4 Rxb2 31. Nxe6 Bxd6 32. exd6 Rd2 33. Nc7
Rxd6 34. Nxa6 Nc4 35. Nb4 Nxa3 36. g3 Rd4 37. Nc6 Rc4 38. Na5 Rc3 39. Re8+ Kf7
40. Rb8 Rc2 41. Rb7+ Kg6 42. Rb6+ Kg5 43. h3 Kf5 44. Rb7 g5 45. Rb6 h5 46. Nc6
Ke4 47. h4 gxh4 48. gxh4 Kf4 49. Nd4 Rb2 50. Ra6 b4 51. Kg1 Kg3 52. Rg6+ Kh3 53.
Nf5 Rb3 54. Rg5 Rf3 55. Rxh5 b3 56. Nd4 Rg3+ 0-1

[Event "Druzynowe Mistrzostw Polski Juniorow - II Liga"]
[Site "Wroclaw"]
[Date "1899-12-30"]
[Round "6.69"]
[White "Skrzypinski, Jan"]
[Black "Penar, Marcin"]
[Result "1-0"]
[WhiteTitle "I"]
[BlackTitle "II"]
[WhiteElo "1647"]
[BlackElo "1296"]

1. d4 d5 2. e3 Nf6 3. Bd3 Nc6 4. f4 e6 5. c3 Bd6 6. Nf3 Nd7 7. Ne5 Qh4+ 8. g3 Qd8
9. O-O O-O 10. Nd2 f5 11. c4 Nf6 12. Nxc6 bxc6 13. c5 Be7 14. Qa4 Bb7 15. Nb3
Qd7 16. Na5 Rab8 17. b4 Ne4 18. Qc2 Rf6 19. b5 Qe8 20. Rb1 Rf8 21. bxc6 Ba8 22.
Rxb8 Qxb8 23. Ba3 Qe8 24. Bb5 Rf6 25. Rb1 Rh6 26. Ba6 Qh5 27. Qg2 Rg6 28. Bb4
Bh4 29. Be1 Qh6 30. Rb8+ Kf7 31. Rxa8 Qh5 32. Be2 Qh6 33. Rxa7 1-0

[Event "Druzynowe Mistrzostw Polski Juniorow - II Liga"]
[Site "Wroclaw"]
[Date "1899-12-30"]
[Round "6.70"]
[White "Schiller, Marcin"]
[Black "Stachowiak, Bruno"]
[Result "1-0"]
[WhiteTitle "II"]
[BlackTitle "II"]
[WhiteElo "1214"]
[BlackElo "1462"]

1. d4 d6 2. Nf3 g6 3. c4 Bg7 4. Nc3 Nf6 5. e4 O-O 6. Be2 e5 7. Be3 Nbd7 8. O-O
b6 9. b4 Nh5 10. Ne1 Nf4 11. d5 Nxe2+ 12. Qxe2 f5 13. f3 Nf6 14. c5 f4 15. Bf2
g5 16. cxd6 cxd6 17. Rc1 h5 18. h3 g4 19. fxg4 hxg4 20. hxg4 Bxg4 21. Nf3 Nh5
22. Qd3 Ng3 23. Bxg3 fxg3 24. Ne2 Bh6 25. Nxg3 Bxc1 26. Rxc1 Bxf3 1-0

[Event "Druzynowe Mistrzostw Polski Juniorow - II Liga"]
[Site "Wroclaw"]
[Date "1899-12-30"]
[Round "6.71"]
[White "Niemier, Martyna"]
[Black "Bartoszek, Julia"]
[Result "0-1"]
[WhiteTitle "II+"]
[BlackTitle "I"]
[WhiteElo "1305"]
[BlackElo "1285"]

1. d4 Nf6 2. Bg5 e6 3. c4 Be7 4. Nc3 d5 5. e3 a6 6. Nf3 dxc4 7. Bxc4 b5 8. Bd3
Bb7 9. Rc1 Nbd7 10. O-O Rc8 11. e4 c5 12. Bb1 cxd4 13. Nxd4 b4 14. Bxf6 Bxf6 15.
Nce2 Rxc1 16. Qxc1 Qb6 17. Rd1 O-O 18. Qd2 Rd8 19. Qe3 Ne5 20. b3 Nc6 21. e5 Bxe5
22. Qd3 g6 23. Nxc6 Rxd3 24. Rxd3 Bxc6 25. Kf1 Bb5 26. Rd1 Bxe2+ 27. Kxe2 Bc3
28. f4 Qc5 29. g4 Bd4 30. h4 Bf2 31. Kf1 Bxh4 32. Rd2 Qc1+ 33. Ke2 Qxb1 34. Ke3
Qe1+ 35. Re2 Qg3+ 36. Ke4 Qxg4 37. a4 Qxe2+ 38. Kd4 Bf2# 0-1

[Event "Druzynowe Mistrzostw Polski Juniorow - II Liga"]
[Site "Wroclaw"]
[Date "1899-12-30"]
[Round "6.72"]
[White "Kretowicz, Daria"]
[Black "Pniewska, Beata"]
[Result "0-1"]
[WhiteTitle "I"]
[BlackTitle "I"]
[WhiteElo "1124"]
[BlackElo "1361"]

1. e4 e6 2. d4 d5 3. Nd2 c5 4. exd5 exd5 5. Bb5+ Nc6 6. Ngf3 Bd7 7. O-O Nf6 8.
Nb3 cxd4 9. Nbxd4 Nxd4 10. Bxd7+ Qxd7 11. Qxd4 Be7 12. Bf4 O-O 13. Rfe1 Rac8 14.
c3 Bc5 15. Qd3 Nh5 16. Be3 Bd6 17. Bxa7 Nf4 18. Qf1 Rc4 19. Be3 Nxg2 20. Re2 Qh3
21. Bd4 Rxd4 22. cxd4 Qxf3 23. Rc2 Nf4 24. Rc3 Ne2+ 0-1

[Event "Druzynowe Mistrzostw Polski Juniorow - II Liga"]
[Site "Wroclaw"]
[Date "1899-12-30"]
[Round "6.73"]
[White "Piechota, Kamil"]
[Black "Stypka, Sebastian"]
[Result "0-1"]
[WhiteTitle "I"]
[BlackTitle "II"]
[WhiteElo "1728"]
[BlackElo "1373"]

1. a3 d5 2. c4 e6 3. e3 c5 4. Nf3 Nc6 5. cxd5 exd5 6. d4 Nf6 7. Be2 Bf5 8. O-O
c4 9. Nc3 Ne4 10. Nxe4 Bxe4 11. Bd2 Bd6 12. b3 b5 13. a4 a6 14. axb5 axb5 15.
Rxa8 Qxa8 16. Ng5 Bg6 17. bxc4 bxc4 18. Bf3 h6 19. Nh3 Ne7 20. Nf4 Bxf4 21. exf4
O-O 22. Bb4 Re8 23. Re1 Be4 24. Bxe4 dxe4 25. Qc2 Nd5 26. Qxc4 Nxf4 27. Bd6 Rc8
28. Qb3 Ne2+ 29. Kh1 Nxd4 30. Qg3 Qa5 31. Rd1 Qd2 32. Rg1 Ne2 33. Qe3 Qxe3 34.
fxe3 Nxg1 35. Kxg1 Rc2 36. h3 f5 37. Kh2 Kf7 38. Kg3 Ke6 39. Bf8 Kf6 40. h4 Rc8
41. Ba3 g6 42. Bb2+ Ke6 43. Bg7 h5 44. Kf4 Rc2 45. g3 Rf2+ 46. Kg5 Kf7 47. Be5
Ra2 48. Kh6 Ra6 49. Kg5 Ke6 50. Bf4 Kd5 51. Kh6 Kc4 52. Kg5 Kd3 53. Kh6 Ke2 54.
Kg5 Kf3 55. Kh6 Kg4 56. Kg7 Ra2 57. Kxg6 Rg2 58. Kh6 Rxg3 59. Bxg3 Kxg3 60. Kxh5
f4 61. exf4 Kxf4 62. Kg6 e3 63. h5 e2 64. h6 e1=Q 65. Kg7 Qe7+ 66. Kg8 Kg5 67.
h7 Kg6 68. h8=N+ Kf6 0-1

[Event "Druzynowe Mistrzostw Polski Juniorow - II Liga"]
[Site "Wroclaw"]
[Date "1899-12-30"]
[Round "6.74"]
[White "Cieply, Krzysztof"]
[Black "Zimny, Karol"]
[Result "1-0"]
[WhiteTitle "I"]
[BlackTitle "II"]
[WhiteElo "1763"]
[BlackElo "1224"]

1. d4 Nf6 2. Nf3 g6 3. Bf4 Bg7 4. e3 O-O 5. Be2 d6 6. h3 Nbd7 7. O-O Re8 8. c4
c5 9. Nc3 h6 10. Qd2 a6 11. a4 b6 12. d5 g5 13. Bg3 Nh7 14. e4 Nhf8 15. Ne1 Ng6
16. Bh5 Rf8 17. Nd3 Nde5 18. Nxe5 dxe5 19. Bxg6 fxg6 20. Rfb1 a5 21. Rd1 Ba6 22.
b3 Bb7 23. Ne2 Qd6 24. Nc1 Rf7 25. Nd3 e6 26. Re1 Rd7 27. Qb2 exd5 28. exd5 e4
29. Qxg7+ Kxg7 30. Bxd6 Rxd6 31. Rxe4 Rd7 32. Rae1 Rf7 33. Re6 Raf8 34. Rxb6 Bc8
35. f3 Bf5 36. Nxc5 h5 37. Ne6+ Bxe6 38. Rexe6 g4 39. Rxg6+ Kh8 40. hxg4 hxg4
41. Rxg4 Rh7 42. d6 Re8 43. c5 Re1+ 44. Kf2 Re8 45. c6 Rd8 46. c7 Rc8 47. Rb8
Rxb8 48. cxb8=Q# 1-0

[Event "Druzynowe Mistrzostw Polski Juniorow - II Liga"]
[Site "Wroclaw"]
[Date "1899-12-30"]
[Round "6.75"]
[White "Kordowski, Lukasz"]
[Black "Staniczek, Kacper"]
[Result "1-0"]
[WhiteTitle "III"]
[BlackTitle "II"]
[WhiteElo "1102"]
[BlackElo "1345"]

1. d4 d5 2. c4 e6 3. Nc3 c5 4. cxd5 exd5 5. e3 Nf6 6. Nf3 Nc6 7. Be2 Be7 8. O-O
O-O 9. a3 a6 10. dxc5 Bxc5 1-0

[Event "Druzynowe Mistrzostw Polski Juniorow - II Liga"]
[Site "Wroclaw"]
[Date "1899-12-30"]
[Round "6.76"]
[White "Wojs, Alicja"]
[Black "Furas, Pawel"]
[Result "1-0"]
[WhiteTitle "I++"]
[BlackTitle "III"]
[WhiteElo "1566"]
[BlackElo "1052"]

1. e4 c5 2. c4 Nc6 3. Nf3 e5 4. g3 Nf6 5. Nc3 Be7 6. Bg2 O-O 7. a3 d6 8. d3 Bd7
9. h3 Nd4 10. Be3 a6 11. Nd2 b5 12. f4 h6 13. g4 Nh7 14. Nd5 Bc6 15. Bxd4 Bxd5
16. fxe5 cxd4 17. exd5 Rc8 18. exd6 Bxd6 19. Rc1 Qf6 20. h4 Qxh4+ 21. Ne4 Ng5+
22. Nxd6 Nh3+ 23. Bxh3 Qxh3 24. Qf3 Qxf3 1-0

[Event "Druzynowe Mistrzostw Polski Juniorow - II Liga"]
[Site "Wroclaw"]
[Date "1899-12-30"]
[Round "6.77"]
[White "Czerwinska, Oliwia"]
[Black "Lach, Alicja"]
[Result "1-0"]
[WhiteTitle "I"]
[BlackTitle "I"]
[WhiteElo "1435"]
[BlackElo "1367"]

1. e4 c5 2. Nf3 Nc6 3. c3 g6 4. d4 cxd4 5. cxd4 d5 6. e5 Bg4 7. Be2 Qb6 8. Na3
Bxf3 9. Bxf3 Nxd4 10. Qa4+ Nc6 11. Bxd5 e6 12. Bxc6+ bxc6 13. Nc4 Qc7 14. Be3
Ne7 15. Nd6+ Kd7 16. Nxf7 Rg8 17. Rd1+ Nd5 18. Bd4 Bb4+ 19. Qxb4 Nxb4 20. Bb6+
Nd5 21. Bxc7 Kxc7 22. O-O Rgf8 23. Ng5 Rfe8 24. Nxh7 Rab8 25. Rd2 Re7 26. Ng5
Nb6 27. Rc1 Kb7 28. Rd6 Rbe8 29. Rdxc6 Nd5 30. Ne4 Rf8 31. Nd6+ 1-0

[Event "Druzynowe Mistrzostw Polski Juniorow - II Liga"]
[Site "Wroclaw"]
[Date "1899-12-30"]
[Round "6.78"]
[White "Moczala, Maja"]
[Black "Figa, Karolina"]
[Result "1-0"]
[WhiteTitle "I+"]
[BlackTitle "I+"]
[WhiteElo "1375"]
[BlackElo "1352"]

1. e4 c5 2. Nf3 d6 3. d4 cxd4 4. Qxd4 a6 5. c4 Nc6 6. Qd2 Nf6 7. Nc3 e6 8. Be2
Be7 9. O-O O-O 10. b3 Qc7 11. Bb2 b6 12. Rad1 Bb7 13. Nd4 Rfd8 1-0

[Event "Druzynowe Mistrzostw Polski Juniorow - II Liga"]
[Site "Wroclaw"]
[Date "1899-12-30"]
[Round "6.79"]
[White "Sputowski, Jakub"]
[Black "Borkowski, Stanislaw"]
[Result "1-0"]
[WhiteTitle "I"]
[BlackTitle "I"]
[WhiteElo "1677"]
[BlackElo "1734"]

1. e4 c5 2. Nf3 d6 3. d4 cxd4 4. Nxd4 Nf6 5. Nc3 a6 6. g3 e5 7. Nde2 Be7 8. Bg2
b5 9. O-O Nbd7 10. h3 Qc7 11. g4 b4 12. Nd5 Nxd5 13. exd5 O-O 14. Ng3 g6 15. Bh6
Re8 16. Qd2 a5 17. a3 Ba6 18. Rfc1 Reb8 19. Be3 Bd8 20. c4 bxa3 21. Rxa3 Bb7 22.
Ne4 Nc5 23. Bxc5 dxc5 24. Qh6 Qb6 25. g5 Ra6 26. Rf3 f5 27. gxf6 Bxf6 28. Nxf6+
Kh8 29. Qxh7# 1-0

[Event "Druzynowe Mistrzostw Polski Juniorow - II Liga"]
[Site "Wroclaw"]
[Date "1899-12-30"]
[Round "6.80"]
[White "Lewandowski, Witold"]
[Black "Zaborski, Igor"]
[Result "0-1"]
[WhiteTitle "I"]
[BlackTitle "II+"]
[WhiteElo "1547"]
[BlackElo "1526"]

1. e4 c6 2. Nc3 d5 3. Nf3 Bg4 4. h3 Bxf3 5. Qxf3 e6 6. d3 Nd7 7. Bd2 Ngf6 8. g4
h6 9. O-O-O Bb4 10. Bg2 d4 11. Nb1 Bxd2+ 12. Nxd2 e5 13. h4 g6 14. Qg3 Qc7 15.
Bf3 Nh7 16. g5 h5 17. Bg2 Nhf8 18. Bh3 Ne6 19. Bxe6 fxe6 20. Qh3 Ke7 21. Qh2 Rhf8
22. Nf1 c5 23. Ng3 c4 24. Ne2 Rac8 25. dxc4 Qxc4 26. Rd2 Qxa2 27. Kd1 Qxb2 28.
Nc1 Qc3 29. Nd3 Nc5 30. Nxe5 Nxe4 31. Nxg6+ Ke8 32. Re2 Qa1# 0-1